Normal view
MARC view
Entry Topical Term
001 - CONTROL NUMBER
- control field: 11913
003 - CONTROL NUMBER IDENTIFIER
- control field: OSt
005 - DATE AND TIME OF LATEST TRANSACTION
- control field: 20150919110917.0
008 - FIXED-LENGTH DATA ELEMENTS
- fixed length control field: 150919|| aca||aabn | a|a d
040 ## - CATALOGING SOURCE
- Original cataloging agency: OSt
- Transcribing agency: OSt
150 ## - HEADING--TOPICAL TERM
- Topical term or geographic name entry element: Essays
670 ## - SOURCE DATA FOUND
- Source citation: Work cat.: (OSt)6522: Williams, Monier 11912, Modern India And The Indians, 1987









